Literaturno-memorialʹnyĭ muzeĭ Ivana Franka u Lʹvovi = (Record no. 91280)
[ view plain ]
| 000 -LEADER | |
|---|---|
| fixed length control field | 01019cam a22002531 4500 |
| 001 - CONTROL NUMBER | |
| control field | tmp96030977 |
| 003 - CONTROL NUMBER IDENTIFIER | |
| control field | DLC |
| 005 - DATE AND TIME OF LATEST TRANSACTION | |
| control field | 20260227112757.0 |
| 008 - FIXED-LENGTH DATA ELEMENTS--GENERAL INFORMATION | |
| fixed length control field | 121206s1966 un af 000 0 ukro |
| 010 ## - LIBRARY OF CONGRESS CONTROL NUMBER | |
| LC control number | tmp96030977 |
| 040 ## - CATALOGING SOURCE | |
| Original cataloging agency | DLC |
| Transcribing agency | DLC |
| Modifying agency | DLC |
| 041 0# - LANGUAGE CODE | |
| Language code of text/sound track or separate title | ukr |
| -- | eng |
| -- | rus |
| 043 ## - GEOGRAPHIC AREA CODE | |
| Geographic area code | e-un--- |
| 050 00 - LIBRARY OF CONGRESS CALL NUMBER | |
| Classification number | PG3948.F72 |
| Item number | L5 |
| 110 2# - MAIN ENTRY--CORPORATE NAME | |
| Corporate name or jurisdiction name as entry element | Literaturno-memorialʹnyĭ muzeĭ Ivana Franka. |
| 245 10 - TITLE STATEMENT | |
| Title | Literaturno-memorialʹnyĭ muzeĭ Ivana Franka u Lʹvovi = |
| Remainder of title | Literaturno-memorialʹnyĭ muzeĭ Ivana Franko vo Lʹvove = Ivan Franko Literature Memorial Museum in Lviv / |
| Statement of responsibility, etc. | [tekst i upori͡adkuvanni͡a S. Stet͡sʹ]. |
| 246 3# - VARYING FORM OF TITLE | |
| Title proper/short title | Literaturno-memorialʹnyĭ muzeĭ Ivana Franko vo Lʹvove |
| 246 3# - VARYING FORM OF TITLE | |
| Title proper/short title | Ivan Franko Literature Memorial Museum in Lviv |
| 260 ## - PUBLICATION, DISTRIBUTION, ETC. | |
| Place of publication, distribution, etc. | Lʹviv : |
| Name of publisher, distributor, etc. | "Kameni͡ar", |
| Date of publication, distribution, etc. | 1966. |
| 300 ## - PHYSICAL DESCRIPTION | |
| Extent | 21, [1] p., [18] p. of plates : |
| Other physical details | ill. ; |
| Dimensions | 17 cm. |
| 546 ## - LANGUAGE NOTE | |
| Language note | Texts in Ukrainian, Russian and English. |
| 600 10 - SUBJECT ADDED ENTRY--PERSONAL NAME | |
| Personal name | Franko, Ivan, |
| Dates associated with a name | 1856-1916 |
| General subdivision | Museums |
| Geographic subdivision | Ukraine |
| -- | Lʹviv. |
| 700 1# - ADDED ENTRY--PERSONAL NAME | |
| Personal name | Stet͡sʹ, Z. |
No items available.